MARC details
| 000 -CABECERA |
| campo de control de longitud fija |
01056nam a2200301 i 4500 |
| 003 - IDENTIFICADOR DEL NÚMERO DE CONTROL |
| campo de control |
DO-SdBNP |
| 005 - FECHA Y HORA DE LA ÚLTIMA TRANSACCIÓN |
| campo de control |
20251006093334.0 |
| 007 - CAMPO FIJO DE DESCRIPCIÓN FÍSICA--INFORMACIÓN GENERAL |
| campo de control de longitud fija |
ta |
| 008 - DATOS DE LONGITUD FIJA--INFORMACIÓN GENERAL |
| campo de control de longitud fija |
201216e2020 dr ac||er ||| 00| pcspa d |
| 020 ## - NÚMERO INTERNACIONAL ESTÁNDAR DEL LIBRO |
| Número Internacional Estándar del Libro |
9788494866623 |
| 040 ## - FUENTE DE LA CATALOGACIÓN |
| Centro catalogador/agencia de origen |
DO-SdBNP |
| Lengua de catalogación |
spa |
| Centro/agencia transcriptor |
BNPHU |
| Normas de descripción |
rda |
| 041 ## - CÓDIGO DE LENGUA |
| Código de lengua original |
spa |
| 082 #4 - NÚMERO DE LA CLASIFICACIÓN DECIMAL DEWEY |
| Número de clasificación |
xxx |
| Número de documento/Ítem |
A634p |
| Número de edición |
22 |
| 243 ## - TÍTULO UNIFORME COLECTIVO |
| Título uniforme |
<a href="Antología.">Antología.</a> |
| 245 00 - MENCIÓN DE TÍTULO |
| Título |
Antología poética de la VIII semana internacional de la poesía de Santo Domingo, 2019 / |
| Mención de responsabilidad, etc. |
Edición, Basilio Belliard |
| 246 ## - FORMA VARIANTE DE TÍTULO |
| Título propio/Titulo breve |
Muestra de poemas de los poetas internacionales. |
| 264 #4 - PRODUCCIÓN, PUBLICACIÓN, DISTRIBUCIÓN, FABRICACIÓN Y COPYRIGHT |
| Producción, publicación, distribución, fabricación y copyright |
Madrid, España : |
| Nombre del de productor, editor, distribuidor, fabricante |
Amargord ediciones, |
| Fecha de producción, publicación, distribución, fabricación o copyright |
©2020. |
| 300 ## - DESCRIPCIÓN FÍSICA |
| Extensión |
136 páginas , |
| Otras características físicas |
ilustraciones, retratos ; |
| Dimensiones |
20 cm |
| 336 ## - TIPO DE CONTENIDO |
| Término de tipo de contenido |
texto |
| Código de tipo de contenido |
txt |
| Fuente |
rdacontent |
| 337 ## - TIPO DE MEDIO |
| Nombre/término del tipo de medio |
sin mediación |
| Código del tipo de medio |
n |
| Fuente |
rdamedia |
| 338 ## - TIPO DE SOPORTE |
| Nombre/término del tipo de soporte |
volumen |
| Código del tipo de soporte |
nc |
| Fuente |
rdacarrier |
| 490 1# - MENCIÓN DE SERIE |
| Mención de serie |
Colección de autores dominicanos |
| Designación de volumen o secuencia |
16 |
| 490 1# - MENCIÓN DE SERIE |
| Mención de serie |
Arévalo |
| Designación de volumen o secuencia |
11 |
| 590 ## - NOTA LOCAL (RLIN) |
| Nota local |
Inventariado, 2025/BT |
| 700 1# - PUNTO DE ACCESO ADICIONAL--NOMBRE DE PERSONA |
| Nombre de persona |
Belliard, Basilio, |
| Término indicativo de función/relación |
editor |
| Código de función/relación |
ed. |
| 9 (RLIN) |
88661 |
| 830 #0 - PUNTO DE ACCESO ADICIONAL DE SERIE-TÍTULO UNIFORME |
| Título uniforme |
Colección de autores Dominicanos |
| Número de parte o sección de la obra |
16 |
| Nombre de parte o sección de la obra |
Arévalo |
| Número de parte o sección de la obra |
22 |
| 9 (RLIN) |
77656 |
| 942 ## - ELEMENTOS DE PUNTO DE ACCESO ADICIONAL (KOHA) |
| Fuente del sistema de clasificación o colocación |
Dewey Decimal Classification |
| Tipo de ítem Koha |
Libro |